| 000 | 00369nam a22001337a 4500 | ||
|---|---|---|---|
| 999 |
_c8643 _d8643 |
||
| 003 | OSt | ||
| 008 | 200603b ||||| |||| 00| 0 eng d | ||
| 100 | _aWorld Health Organization | ||
| 245 | _aQuality Assurance of Pharmaceuticals Volume 2 | ||
| 260 |
_aNew Delhi _bAITBS _c2007 |
||
| 300 | _a236 | ||
| 650 | _aQuality assurance of Pharmaceuticals vol-11 | ||
| 942 |
_2ddc _cBK |
||